000 00608nam a2200217 a 4500
001 51380
003 BD-RjUL
005 20211209075642.0
008 160830s1987 caua 001 0 eng
020 _a0534066895
035 _a(BD-RjUL)51500
040 _aDLC
_cDLC
_dDLC
_dBD-RjUL
_beng
041 _aeng
082 0 0 _a515
_223
_bSTS 1987
100 1 _aStewart, James,
_d1941-
_9153680
245 1 0 _aSingle variable calculus /
_cJames Stewart.
260 _aMonterey, Calif. :
_bBrooks/Cole Pub. Co.,
_cc1987.
300 _axxix, 566 p. :
_bill. ;
_c27 cm.
650 0 _aCalculus.
_9153681
942 _2ddc
_cBK
999 _c51380
_d51380